| 000 | 00392cam a2200145 4500 | ||
|---|---|---|---|
| 008 | 150602n 000 0 eng u | ||
| 020 | _a9780373826032 | ||
| 035 | _a(Sirsi) a190448 | ||
| 050 | _aPN 3377.5.L68 CHR 2008 | ||
| 100 | _aCgristenberry, Judy | ||
| 245 |
_aRunaway cowboy / _cJudy Christenberry |
||
| 260 |
_aOntario: _bHarlequin, _c2008. |
||
| 300 | _a281p. | ||
| 650 | _aFiction | ||
| 999 |
_c122996 _d122996 |
||